Loading...

Philosophies of race and ethnicity

Bibliografiske detaljer
Hovedforfatter: Peter Osborne (ed.)
Andre forfattere: Stella Sandford (ed.)
Format: Printed Book
Udgivet: London Continuum 2002
Fag:
LEADER 00656nam a22001931a 4500
020 |a 9780826459947  |c 0.00 
040 |a SSUS - Library - Kalady 
082 |a 305.8  |b PET/P 
100 |a Peter Osborne (ed.) 
245 |a Philosophies of race and ethnicity  |h [Text] 
260 |a London  |b Continuum  |c 2002 
300 |a 220p. 
600 |a Ethnicity Philosophy 
600 |a Race Philosophy 
700 |a Stella Sandford (ed.) 
852 |h 305.8  |i PET/P  |p 031974  |9 1394.00  |t 0 
942 |c BK 
999 |c 34363  |d 34363 
952 |0 0  |1 0  |4 0  |6 305_800000000000000_PET_P  |7 0  |9 49877  |a SSUS  |b SSUS  |d 2015-01-08  |g 1394.00  |l 4  |o 305.8 PET/P  |p 031974  |r 2020-11-04  |s 2016-08-19  |v 0.00  |w 2015-01-08  |y BK